CHINA (Record no. 542848)

000 -LEADER
fixed length control field 00329nam a22001337a 4500
020 ## - INTERNATIONAL STANDARD BOOK NUMBER
International Standard Book Number 0821336606
082 ## - DEWEY DECIMAL CLASSIFICATION NUMBER
Classification number 363.739205951
Author Mark CHI
-- D
245 ## - TITLE STATEMENT
Title CHINA
Remainder of title CHINA
260 ## - PUBLICATION, DISTRIBUTION, ETC.
Place of publication, distribution, etc. WASHINGTON DC
Name of publisher, distributor, etc. THE WORLD BANK
Date of publication, distribution, etc. 1996
300 ## - PHYSICAL DESCRIPTION
Extent 66P.:
Dimensions 24CM
526 ## - STUDY PROGRAM INFORMATION NOTE
Program name 0
Interest level 0
Reading level 0
Title point value 363_739205951000000_CHI
650 ## - SUBJECT ADDED ENTRY--TOPICAL TERM
Topical term or geographic name entry element MCE
9 (RLIN) 379
942 ## - ADDED ENTRY ELEMENTS (KOHA)
Source of classification or shelving scheme
Koha item type Book
Holdings
Withdrawn status Lost status Source of classification or shelving scheme Damaged status Not for loan Permanent Location Current Location Date acquired Total Checkouts Full call number Barcode Date last seen Price effective from Koha item type
          Military College of Engineering (MCE) Military College of Engineering (MCE) 02/20/2014   363.739205951 CHI MCE-43048 02/20/2014 02/20/2014 Book
© 2023 Central Library, National University of Sciences and Technology. All Rights Reserved.